000
00238 a2200097 4500
001
38547
100
_a
Sciavicco L
245
_a
Modeling & control of robot manipulador
260
_a
Singapore
_b
McGraw Hill
_c
1996
090
_c
24451
_d
24451
942
_a
NUST-CAE
_c
M
_c
16060
999
_c
273620
_d
273620